Conyugalidad y parentalidad en la juventud y sus relaciones con el trabajo /
Պահպանված է:
| Հիմնական հեղինակ: | |
|---|---|
| Ձևաչափ: | Տեքստ |
| Խորագրեր: | |
| Ցուցիչներ: |
Ավելացրեք ցուցիչ
Չկան պիտակներ, Եղեք առաջինը, ով նշում է այս գրառումը!
|
MARC
| LEADER | 00000 a a2200000 04500 | ||
|---|---|---|---|
| 001 | 17483 | ||
| 003 | |||
| 040 | |||
| 100 | |a Silveira Carpes, Nívea | ||
| 245 | |a Conyugalidad y parentalidad en la juventud y sus relaciones con el trabajo / |c Nívea Silveira Carpes | ||
| 650 | |a JUVENTUD | ||
| 650 | |a PARESTESCO | ||
| 650 | |a PATERNIDAD | ||
| 650 | |a MATERNIDAD | ||
| 650 | |a FAMILIA | ||
| 650 | |a ESTRUCTURA DE LA FAMILIA | ||
| 650 | |a COMPOSICION FAMILIAR | ||
| 650 | |a CONDICIONES SOCIALES | ||
| 773 | |g número 74; páginas 55-68 | ||
| 999 | |c 25149 |d 25149 | ||
